000 02551njm a2200397Ia 4500
001 23952
003 IT-RoPAU
005 20220918181214.0
008 131025s9999 xx 000 0 und d
040 _aIT-RoPAU
040 _cIT-RoPAU
999 _c103822
_d103822
999 _bn.d.
100 _aAA.VV.
_9794
100 _eAutore musica
_97801
100 _gCodice autore musica SPICS: 12000
_9796
245 _aFerrante e Teicher in Classic (Lp Uas 29192)
250 _a1a ed.
260 _aUSA
260 _bUNITED ARTISTS RECORDS
_c1971 [1a Ed.:1971]
300 _aDISCO
500 _aArrangiamento e adattamento per orchestra di Ferrante & Teicher, Don Costa & Arite Beck. Musica classica arrangiata.
505 _aConcerto per pianoforte e orchestra in si bemolle minore - Sogno d'amore - Romeo e Giulietta - Fantasie impromptu - Ninna nanna - Concerto per pianoforte e orchestra in la minore - Concerto per pianoforte e orchestra N.21 in do maggiore andante (dal film Elvira Madigan) - Soltanto il cuore solitario - Canto di primavera - Polonaise in la bemolle - Concerto N.2 per pianoforte e orchestra in do minore - Sheherazade
511 _adirettore: Perito Nick
650 _aARRANGIAMENTO [DISCHI]
_eCodice MATERIA SPICS: 9950
_97802
700 _aFerrante e Teicher
_dCodice autore e interprete SPICS: 13930
_eAutore e interprete
_97803
700 _aCajkovskij Petr Llijch
_dCodice autore musica SPICS: 10808
_eAutore musica
_pConcerto per pianoforte e orchestra in si bemolle minore - Romeo e Giulietta - Soltanto il cuore solitario
_97804
700 _aLiszt Franz
_dCodice autore musica SPICS: 10789
_eAutore musica
_pSogno d'amore
_97805
700 _aChopin Fryderyk
_dCodice autore musica SPICS: 8056
_eAutore musica
_pFantasie impromptu - Polonaise in la bemolle
_97806
700 _aBrahms Johannes
_dCodice autore musica SPICS: 8867
_eAutore musica
_pNinna nanna
_97807
700 _aGrieg Edward
_dCodice autore musica SPICS: 10671
_eAutore musica
_pConcerto per pianoforte e orchestra in la minore
_97808
700 _aMozart Wolfgang Amadeus
_dCodice autore musica SPICS: 3486
_eAutore musica
_pConcerto per pianoforte e orchestra N.21 in do maggiore andante
_97809
700 _aMendelssohn Felix
_dCodice autore musica SPICS: 3873
_eAutore musica
_pCanto di primavera
_97810
700 _aRachmaninov Sergej
_dCodice autore musica SPICS: 8144
_eAutore musica
_pConcerto N.2 per pianoforte e orchestra in do minore
_97811
700 _aRimskij-Korsakov Nikolai
_dCodice autore musica SPICS: 10687
_eAutore musica
_pSheherazade
_97812
942 _cMD
_2ddc